Spanish verbs clickable 2 - Statistics

General Stats
  • This quiz has been taken 46 times
  • The average score is 11 of 15
Answer Stats
Hint Answer % Correct
To love Amar
97%
To build Construir
92%
To run Correr
92%
To approve Aprobar
87%
To believe Creer
87%
To call Llamar
85%
To find Encontrar
82%
To punish Castigar
74%
To smile Sonreir
72%
To care for Cuidar
69%
To bow Inclinar
67%
To laugh Reirse
67%
To pray Rezar
54%
To hang Colgar
51%
To beg Rogar
49%
No matching quizzes found
Score Distribution
Percent of People with Each Score
Percentile by Number Answered
Your Score History
You have not taken this quiz